[Event "ARM-ch Rapid 2019"]
[Site "Yerevan"]
[Date "2019.01.22"]
[Round "1.1"]
[White "Hakobyan, Aram"]
[Black "Petrosian, Tigran L."]
[Result "1/2-1/2"]
[WhiteElo "2545"]
[BlackElo "2598"]
[Annotator "TA"]
[PlyCount "139"]
[EventDate "2019.01.22"]
[EventType "tourn"]
[EventCountry "ARM"]

{[%evp 12,139,22,24,39,5,33,29,29,28,25,27,39,36,46,0,9,0,0,0,15,0,13,0,0,0,-7,-9,-8,-6,0,0,0,0,0,0,0,-16,-16,-16,-16,-23,-5,-10,-8,-11,-5,-27,-25,-28,-25,-31,-36,-35,-11,-35,0,0,-3,-3,0,-3,-2,-29,0,0,0,0,-2,-2,0,0,0,0,0,0,0,0,0,0,0,0,0,0,0,0,0,0,0,0,0,0,0,0,0,0,0,0,0,0,0,0,0,0,0,0,0,0,0,0,0,0,0,0,0,0,0,0,0,0,0,0,0,0,0,0,0,0,8,0]} 1. d4 d6 2. Nf3 Bg4 3. e4 {[%cal Be2e4,Be4e5][%mdl 32]} e6 4. h3 Bh5 5. Nc3 Be7 6. Be2 {A41: 1 d4 d6: Tartakower System and Modern Defence} Nf6 7. O-O {LiveBook: 17 Publish game on website} Bg6 $146 ({You set blue moves yourself with the critical opening position annotation.:} 7... O-O 8. d5 e5 9. Nd2 Bg6 10. Bd3 Nbd7 11. Nc4 Nc5 12. Qe2 c6 13. dxc6 bxc6 {0-1 (38) Grigoryan,K (2604)-Petrosian,T (2648) Warsaw 2013}) 8. e5 {White is slightly better.} Ne4 9. Nxe4 Bxe4 10. Bd3 Bxd3 11. Qxd3 Nc6 12. exd6 Qxd6 13. Qe4 O-O-O {[%cal Rc6d4]} 14. c3 Qd5 15. Re1 h6 {[%cal Bh7h6,Bh6h5][%mdl 32]} 16. Bf4 g5 17. Bg3 h5 18. Ne5 Nxe5 19. Bxe5 Qxe4 20. Rxe4 Rhg8 21. g4 hxg4 22. hxg4 Rg6 23. Kg2 Rh6 24. Rh1 Rxh1 25. Kxh1 $11 {[%mdl 4096] General book An&V&L-An&V&L} Kd7 26. Kg2 b5 27. Re3 f6 28. Bh2 Rh8 29. Bg3 a5 30. Re1 Bd6 31. Kf3 Bxg3 32. Kxg3 $15 {An&V-An&V} Kd6 33. Rf1 Kd5 34. f4 gxf4+ 35. Rxf4 Rh6 36. b3 c6 37. Kg2 f5 38. gxf5 {Threatens to win with f6.The position is equal.} Rf6 39. Rh4 Rxf5 40. Rh8 Kd6 41. Rd8+ Kc7 42. Ra8 Kb6 43. Rb8+ Ka7 44. Re8 Rf6 45. a4 Kb7 46. Re7+ Kb6 47. Re8 bxa4 48. bxa4 Kc7 49. Ra8 Rf5 50. Kg3 Kd6 51. c4 Kc7 52. Re8 Rf6 53. Re7+ Kd6 54. Ra7 Rf5 55. Kg4 Rf1 56. Rxa5 Rc1 57. Kf3 $1 Rxc4 58. Ke3 Rc3+ 59. Ke4 Ra3 60. Ra7 Rb3 61. Ra8 Ra3 62. Ra7 Rh3 63. Ra8 Kc7 64. Ra7+ Kd6 65. Ra8 Rg3 66. a5 Ra3 67. a6 Kc7 68. a7 Kb7 69. Re8 Rxa7 70. Rxe6 {NOTEXT-4805: Tournament = 72%, Annotator = 70%.} 1/2-1/2

[Event "ARM-ch Rapid 2019"]
[Site "Yerevan"]
[Date "2019.01.22"]
[Round "1.2"]
[White "Andriasian, Zaven"]
[Black "Gharibyan, Mamikon"]
[Result "1/2-1/2"]
[WhiteElo "2604"]
[BlackElo "2318"]
[Annotator "TA"]
[PlyCount "96"]
[EventDate "2019.01.22"]
[EventType "tourn"]
[EventCountry "ARM"]

{[%evp 15,96,0,0,0,1,-1,4,0,2,-7,6,-3,-4,-9,-12,-12,-23,-30,-26,-39,-35,-35,-35,-58,-29,-80,-87,-77,-54,-91,-67,-78,-74,-57,-35,-67,-72,-53,-62,-66,-40,-30,-32,-34,-24,-8,-7,-14,-12,-16,-7,-1,-8,-8,-7,-15,0,0,0,0,0,0,0,-23,-20,-36,-33,-34,-17,-19,-13,-19,-11,-20,0,0,0,0,0,0,0,0,0]} 1. e4 e5 2. Bc4 Nf6 3. Nc3 Nc6 4. d3 Na5 5. Nge2 Nxc4 6. dxc4 Bc5 7. Qd3 {C28: Vienna Game: 2...Nf6 3 Bc4 Nc6} (7. O-O d6 8. Qd3 O-O 9. Be3 Nd7 10. Ng3 a5 11. b3 h6 12. Rad1 Re8 13. Nd5 c6 14. Nc3 Bxe3 15. Qxe3 Nc5 16. Rd2 {1-0 (63) Nakamura,H (2787)-Carlsen,M (2853) chess.com INT 2016}) 7... d6 8. f3 Be6 {LiveBook: 5 Games} 9. Bg5 h6 10. Bh4 g5 11. Bg3 Nh5 12. O-O-O Qd7 13. Kb1 $146 ({Predecessor:} 13. Nd5 O-O-O 14. b4 Bxd5 15. bxc5 Nxg3 16. Nxg3 {½-½ (30) Gurgenidze,B (2505)-Petrosian,A (2430) Moscow 1979}) 13... O-O-O 14. b3 a6 15. Na4 {[%cal Bc3a4,Ba4b2,Bb2d3,Bd3b4,Bb4d5][%mdl 32]} Ba7 16. Qc3 {Strongly threatening Bxe5!} Qc6 17. Nb2 f5 18. exf5 Bxf5 19. Nd3 Nf4 20. Bxf4 (20. Nexf4 $11 {remains equal.} gxf4 21. Bf2 Bxf2 22. Nxf2) 20... gxf4 $17 21. Nb4 Qd7 22. Nd5 Kb8 23. g3 fxg3 24. hxg3 Rdf8 25. Rh4 Be6 26. f4 Bg4 27. Rd2 c6 28. Ne3 Bxe2 29. Rxe2 exf4 30. Rxf4 Rhg8 31. Ng2 Re8 32. Rd2 Qg7 33. Qxg7 Rxg7 34. Rf3 Bc5 35. Nh4 Re3 {aiming for ...Rxf3.} 36. Rf8+ Ka7 37. Nf5 Rf3 {[#] And now ...Rg5 would win.} 38. Nxg7 Rxf8 $11 {[%mdl 4096] Endgame KRB-KRN} 39. Kb2 Rf3 40. Nh5 b5 41. c3 bxc4 42. bxc4 {The position is equal.} Kb6 43. g4 a5 44. a4 $1 Re3 45. Nf6 Re6 46. Nd7+ Kc7 47. Nxc5 dxc5 48. Kb3 Rg6 {Precision: White = 49%, Black = 64%.} 1/2-1/2

[Event "ARM-ch Rapid 2019"]
[Site "Yerevan"]
[Date "2019.01.22"]
[Round "1.3"]
[White "Vardanian, Haik V."]
[Black "Minasian, Artashes"]
[Result "1-0"]
[WhiteElo "2234"]
[BlackElo "2472"]
[Annotator "TA"]
[PlyCount "91"]
[EventDate "2019.01.22"]
[EventType "tourn"]
[EventCountry "ARM"]

{[%evp 10,91,6,0,11,0,0,-30,0,-12,-12,-24,11,0,13,19,6,0,15,6,82,100,450,457,450,441,433,446,446,431,566,456,455,436,484,459,503,504,504,504,497,501,571,568,568,562,527,436,505,504,531,526,539,539,519,452,528,503,504,540,525,430,400,0,537,544,547,540,711,707,838,586,695,659,742,795,964,566,29982,29983,29984,29984,29983,29983]} 1. e4 c6 2. d4 d5 3. e5 Bf5 4. Bd3 (4. c3 e6 5. Bd3 Bxd3 {1-0 (41) Zidu,J (2579)-Pirs,M (2550) Remote email 2011}) 4... Bxd3 5. Qxd3 e6 6. c3 $146 ({Predecessor:} 6. Nd2 c5 {1-0 (37) Lamprecht,F (1785)-Breitfuss,J (1410) Bad Griesbach 2005}) 6... c5 {B12: Caro-Kann: Advance Variation} (6... h6 7. Ne2 Nd7 8. Be3 Qb6 9. Nd2 Ne7 10. a4 c5 11. O-O Nc6 12. f4 c4 13. Qc2 g6 14. Bf2 {1-0 (41) Zidu,J (2579)-Pirs,M (2550) Remote email 2011}) 7. Nd2 Nc6 8. a3 a5 {Black has an edge.} ({Predecessor:} 8... cxd4 9. cxd4 Nge7 10. Ne2 Qb6 11. O-O Nf5 12. Nf3 Be7 13. Bd2 O-O {1-0 (37) Lamprecht,F (1785)-Breitfuss,J (1410) Bad Griesbach 2005}) 9. Ne2 Nge7 10. O-O cxd4 11. cxd4 Qb6 12. Nf3 Qa6 13. Qc2 Rc8 14. Nc3 Nf5 {[#]} (14... Qc4 $11 {keeps the balance.}) 15. Nxd5 $1 $16 {[%mdl 512]} Nce7 $2 {[%mdl 8192] [#]} (15... b5 $16) (15... exd5 16. Qxf5) 16. Qxc8+ $1 $18 {[%mdl 576] Remove Defender} Nxc8 17. Nc7+ {[%mdl 64] Double Attack} Kd7 18. Nxa6 bxa6 19. Bd2 a4 20. Rac1 Nb6 21. g4 Ne7 22. Ng5 Nc6 23. Nxf7 Rg8 24. Ng5 Nxd4 25. Kg2 Nd5 26. Rc4 Nb3 27. Be3 Be7 28. Nf3 Rb8 29. Rxa4 a5 30. Rd1 Ke8 31. Rc4 h6 32. Nd4 Nxe3+ 33. fxe3 Nxd4 34. exd4 Rxb2+ {[%mdl 4096] Endgame KRR-KRB} 35. Kg3 Rb3+ 36. Kg2 Rb2+ 37. Kf3 Bxa3 38. Rc7 g5 39. Ra7 Bb4 40. d5 Rb3+ 41. Kg2 Rb2+ 42. Kh1 exd5 43. Rxd5 Bc3 44. Rc5 {[%cal Rc5c8] White mates.} Rb1+ 45. Kg2 {[%cal Rc5c8]} Rg1+ 46. Kh3 {Accuracy: White = 66%, Black = 34%.} 1-0

[Event "ARM-ch Rapid 2019"]
[Site "Yerevan"]
[Date "2019.01.22"]
[Round "1.4"]
[White "Vaganian, Rafael A"]
[Black "Ziroyan, David"]
[Result "1/2-1/2"]
[WhiteElo "2546"]
[BlackElo "1957"]
[Annotator "RC"]
[PlyCount "102"]
[EventDate "2019.01.22"]
[EventType "tourn"]
[EventCountry "ARM"]
[TimeControl "40/5400+30:1800+30"]
[WhiteClock "0:00:21"]
[BlackClock "0:06:07"]

1. d4 {[%emt 1:15:12]} Nf6 {[%emt 1:15:16]} 2. c4 {[%emt 0:00:21]} c5 {[%emt 0:00:28]} 3. d5 {[%emt 0:00:20]} b5 {[%emt 0:00:26]} 4. cxb5 {[%emt 0:00:21]} a6 {[%emt 0:00:24]} 5. e3 {[%emt 0:00:21]} axb5 {[%emt 0:00:50]} 6. Bxb5 {[%emt 0:00:21]} Bb7 {[%emt 0:00:27]} 7. Nc3 {[%emt 0:00:22]} e6 {[%emt 0:01:17]} 8. e4 {[%emt 0:00:33]} Qa5 {[%emt 0:00:33]} 9. dxe6 {[%emt 0:01:24]} fxe6 {[%emt 0:00:45]} 10. f3 {[%emt 0:00:44]} Be7 {[%emt 0:00:41]} 11. Nge2 {[%emt 0:00:26]} O-O {[%emt 0:00:27]} 12. O-O {[%emt 0:01:23]} Nc6 {[%emt 0:01:06]} 13. Kh1 {[%emt 0:00:32]} d5 {[%emt 0:01:02]} 14. exd5 {[%emt 0:00:55]} exd5 {[%emt 0:00:27]} 15. Bg5 {[%emt 0:00:22]} Ne5 {[%emt 0:01:53]} 16. Nf4 {[%emt 0:00:38]} d4 {[%emt 0:01:06]} 17. Qb3+ {[%emt 0:00:21]} Kh8 {[%emt 0:00:41]} 18. Bxf6 {[%emt 0:00:21]} Rxf6 {[%emt 0:00:53]} 19. Ncd5 {[%emt 0:00:41]} Rf7 {[%emt 0:02:58]} 20. Nxe7 {[%emt 0:00:26]} Rxe7 {[%emt 0:00:24]} 21. Rfe1 {[%emt 0:00:22]} Qd8 {[%emt 0:05:04]} 22. a4 {[%emt 0:01:28]} Qd6 {[%emt 0:00:35]} 23. a5 {[%emt 0:00:51]} Nxf3 {[%emt 0:01:19]} 24. gxf3 {[%emt 0:04:12]} Rxe1+ {[%emt 0:00:56]} 25. Rxe1 {[%emt 0:00:21]} Qxf4 {[%emt 0:00:23]} 26. Be2 {[%emt 0:00:31]} Qd2 {[%emt 0:00:48]} 27. Ra1 {[%emt 0:00:37]} Rxa5 {[%emt 0:00:50]} 28. Rxa5 {[%emt 0:00:33]} Qxa5 {[%emt 0:00:26]} 29. Kg2 {[%emt 0:00:35]} Qc7 {[%emt 0:00:34]} 30. Qe6 {[%emt 0:00:31]} Qc8 {[%emt 0:00:38]} 31. Qe7 {[%emt 0:00:26]} h6 {[%emt 0:01:03]} 32. Qf7 {[%emt 0:01:08]} Qg4+ {[%emt 0:01:02]} 33. Kh1 {[%emt 0:00:53]} Qc8 {[%emt 0:00:32]} 34. Bc4 {[%emt 0:00:43]} Ba8 {[%emt 0:00:32]} 35. Kg1 {[%emt 0:00:27]} Bc6 {[%emt 0:00:27]} 36. Bd3 {[%emt 0:01:34]} Qe8 {[%emt 0:00:31]} 37. Qf5 {[%emt 0:00:21]} Qe1+ {[%emt 0:00:28]} 38. Kg2 {[%emt 0:00:22]} Qd2+ {[%emt 0:00:25]} 39. Kh3 {[%emt 0:00:23]} Bd7 {[%emt 0:00:31]} 40. Qxd7 {[%emt 0:00:31]} Qxd3 {[%emt 0:00:21]} 41. Kg4 {[%emt 0:31:25]} Qg6+ {[%emt 0:30:34]} 42. Kf4 {[%emt 0:00:32]} Qg5+ {[%emt 0:00:41]} 43. Ke4 {[%emt 0:00:21]} Kh7 {[%emt 0:00:25]} 44. f4 {[%emt 0:00:39]} Qg2+ {[%emt 0:00:31]} 45. Ke5 {[%emt 0:00:23]} Qe2+ {[%emt 0:00:29]} 46. Kd5 {[%emt 0:00:24]} d3 {[%emt 0:00:29]} 47. Qf5+ {[%emt 0:01:11]} Kg8 {[%emt 0:00:30]} 48. Kd6 {[%emt 0:00:30]} d2 {[%emt 0:00:25]} 49. Qc8+ {[%emt 0:00:12]} Kf7 {[%emt 0:00:30]} 50. Qf5+ {[%emt 0:00:30]} Kg8 {[%emt 0:00:40]} 51. Qc8+ {[%emt 0:00:23]} Kf7 {[%emt 0:00:26]} 1/2-1/2

[Event "ARM-ch Rapid 2019"]
[Site "Yerevan"]
[Date "2019.01.22"]
[Round "1.5"]
[White "Khachatryan, Vahagn"]
[Black "Hovhannisyan, Robert"]
[Result "0-1"]
[WhiteElo "2274"]
[BlackElo "2637"]
[Annotator "TA"]
[PlyCount "74"]
[EventDate "2019.01.22"]
[EventType "tourn"]
[EventCountry "ARM"]

{[%evp 15,74,0,0,-22,-18,-17,-8,-15,-11,-14,-16,-30,-37,-71,-65,-77,-77,-101,-101,-101,-93,-116,-69,-89,-30,-78,-47,-65,-66,-79,-58,-75,-71,-107,-105,-118,-96,-171,-186,-199,-62,-498,-476,-487,-481,-990,-986,-1169,-1134,-1176,-1066,-848,-799,-829,-795,-1243,-1236,-29991,-29992,-29994,-29995]} 1. d4 Nf6 2. Nf3 d5 3. c4 e6 4. Nc3 c6 5. e3 Nbd7 6. Qc2 Bd6 7. b3 O-O 8. Be2 b6 9. cxd5 {D45: Semi-Slav: 5 e3} (9. O-O Bb7 10. Bb2 Qe7 11. Rfd1 Rfe8 12. Rac1 Rac8 13. Bf1 c5 14. cxd5 exd5 15. dxc5 bxc5 16. Qf5 Qe6 17. Bd3 Ne5 18. Ng5 Qe7 19. Bb5 h6 20. Nf3 Nxf3+ 21. gxf3 {½-½ (81) Laznicka,V (2662)-Gelfand,B (2703) Novy Bor 2018}) 9... exd5 {[%cal Be6d5,Bd5e4][%mdl 32]} 10. O-O Re8 11. Bd3 {The position is equal.} Qe7 12. Bb2 Bb7 13. Rfe1 $146 ({Predecessor:} 13. a4 a6 14. Rac1 Ne4 15. Ne2 Rac8 16. Ng3 g6 17. Qe2 a5 18. Rfd1 f5 {½-½ (18) Hannesson,S (1988)-Prati,A (1892) ICCF email 2014}) 13... Ne4 14. Bxe4 dxe4 15. Nd2 $1 {[%cal Rc2e4]} Nf6 16. Nf1 Ba6 17. h3 Rac8 18. Qd2 Bxf1 19. Rxf1 Bb4 (19... h5 $17) 20. a3 Bxc3 21. Qxc3 Nd5 22. Qd2 Qd7 23. a4 Re6 {[%cal Be8e6,Be6f6,Bf6f3][%mdl 32]} 24. Kh1 Rce8 25. Rae1 Rf6 26. Qe2 {[#]} (26. a5 $17 {might work better.}) 26... Rf3 $3 $19 {[%mdl 512] And now ...Re6! would win.} 27. Kh2 (27. gxf3 Qxh3+) 27... Qd6+ (27... Re6 $19 {( -> ...Rh6!)} 28. Rh1 (28. gxf3 {gets mated.} Rh6 29. h4 Rxh4+ 30. Kg2 Qh3+ 31. Kg1 Qh2#) 28... Rg6) 28. g3 $2 {[%mdl 8192]} ({White should play} 28. Kg1 $15 Rf6 29. a5) 28... h5 {[%cal Bh7h5,Bh5h4][%mdl 32]} 29. h4 {[#]} g5 $1 {[%mdl 512]} 30. hxg5 (30. Rg1 $142 gxh4 31. Kh1) 30... h4 31. Rg1 Kg7 32. Rg2 Rh8 33. Kg1 hxg3 34. fxg3 Rh3 35. Rf1 Rhxg3 36. Rxg3 Qxg3+ {[%mdl 64] Double Attack} 37. Kh1 Qh4+ {Accuracy: White = 25%, Black = 74%.} 0-1

[Event "ARM-ch Rapid 2019"]
[Site "Yerevan"]
[Date "2019.01.22"]
[Round "1.6"]
[White "Martirosyan, Haik M."]
[Black "Torosyan, Norayr"]
[Result "1/2-1/2"]
[WhiteElo "2607"]
[BlackElo "2362"]
[PlyCount "97"]
[EventDate "2019.01.22"]
[EventType "tourn"]
[EventCountry "ARM"]
[TimeControl "40/5400+30:1800+30"]
[WhiteClock "0:00:26"]
[BlackClock "0:03:43"]

1. e4 {[%emt 1:15:13]} e5 {[%emt 1:15:11]} 2. Nf3 {[%emt 0:00:22]} Nc6 {[%emt 0:00:22]} 3. Bc4 {[%emt 0:00:22]} Nf6 {[%emt 0:00:21]} 4. d3 {[%emt 0:00:21]} Be7 {[%emt 0:00:33]} 5. O-O {[%emt 0:00:24]} O-O {[%emt 0:00:22]} 6. Re1 {[%emt 0:00:22]} d6 {[%emt 0:00:21]} 7. a4 {[%emt 0:00:22]} Kh8 {[%emt 0:00:31]} 8. a5 {[%emt 0:00:27]} a6 {[%emt 0:00:20]} 9. h3 {[%emt 0:00:29]} Ng8 {[%emt 0:00:21]} 10. Nc3 {[%emt 0:00:24]} f5 {[%emt 0:00:44]} 11. Nd5 {[%emt 0:00:22]} fxe4 {[%emt 0:01:06]} 12. dxe4 {[%emt 0:00:26]} Nf6 {[%emt 0:00:21]} 13. b4 {[%emt 0:02:36]} Nxd5 {[%emt 0:02:52]} 14. exd5 {[%emt 0:00:22]} Nb8 {[%emt 0:00:59]} 15. Bd3 {[%emt 0:00:24]} Bf5 {[%emt 0:00:52]} 16. Bxf5 {[%emt 0:00:29]} Rxf5 {[%emt 0:00:21]} 17. c4 {[%emt 0:00:36]} Qf8 {[%emt 0:01:46]} 18. Be3 {[%emt 0:00:39]} Nd7 {[%emt 0:00:22]} 19. Nd2 {[%emt 0:00:29]} Bg5 {[%emt 0:01:25]} 20. Ne4 {[%emt 0:00:21]} Bxe3 {[%emt 0:00:53]} 21. fxe3 {[%emt 0:00:22]} Nf6 {[%emt 0:02:08]} 22. Ng3 {[%emt 0:00:23]} Rg5 {[%emt 0:00:44]} 23. Qf3 {[%emt 0:00:31]} Re8 {[%emt 0:04:00]} 24. Rf1 {[%emt 0:00:43]} Qe7 {[%emt 0:01:29]} 25. e4 {[%emt 0:00:40]} Qd7 {[%emt 0:00:31]} 26. Qe3 {[%emt 0:00:33]} Rg6 {[%emt 0:00:24]} 27. Rf3 {[%emt 0:00:22]} c6 {[%emt 0:00:43]} 28. Raf1 {[%emt 0:00:41]} cxd5 {[%emt 0:00:21]} 29. cxd5 {[%emt 0:00:37]} h6 {[%emt 0:01:30]} 30. Nf5 {[%emt 0:01:00]} Rc8 {[%emt 0:01:11]} 31. Nh4 {[%emt 0:02:21]} Rg5 {[%emt 0:00:21]} 32. Rxf6 {[%emt 0:01:13]} gxf6 {[%emt 0:00:21]} 33. Rxf6 {[%emt 0:00:24]} Qg7 {[%emt 0:02:10]} 34. Qf2 {[%emt 0:00:21]} Rc1+ {[%emt 0:00:49]} 35. Kh2 {[%emt 0:00:22]} Rc2 {[%emt 0:00:21]} 36. Qf3 {[%emt 0:01:03]} Rcxg2+ {[%emt 0:00:32]} 37. Nxg2 {[%emt 0:00:33]} Rxg2+ {[%emt 0:00:20]} 38. Qxg2 {[%emt 0:00:23]} Qxf6 {[%emt 0:00:21]} 39. Qd2 {[%emt 0:01:00]} Kh7 {[%emt 0:00:38]} 40. Qe3 {[%emt 0:00:32]} Qg5 {[%emt 0:00:39]} 41. Qf2 {[%emt 0:33:20]} Kg7 {[%emt 0:30:24]} 42. Qc2 {[%emt 0:00:22]} Kg6 {[%emt 0:00:45]} 43. Qd3 {[%emt 0:01:51]} Qf4+ {[%emt 0:00:28]} 44. Kg2 {[%emt 0:00:21]} Kg5 {[%emt 0:00:29]} 45. Qe2 {[%emt 0:01:13]} h5 {[%emt 0:00:21]} 46. Qf3 {[%emt 0:02:57]} Qxf3+ {[%emt 0:00:38]} 47. Kxf3 {[%emt 0:00:22]} h4 {[%emt 0:00:33]} 48. Ke3 {[%emt 0:00:21]} Kh5 {[%emt 0:00:20]} 49. Kf3 {[%emt 0:00:26]} 1/2-1/2

[Event "ARM-ch Rapid 2019"]
[Site "Yerevan"]
[Date "2019.01.22"]
[Round "1.7"]
[White "Sargsyan, Anna M."]
[Black "Harutyunian, Tigran K."]
[Result "1/2-1/2"]
[WhiteElo "2339"]
[BlackElo "2542"]
[Annotator "TA"]
[PlyCount "131"]
[EventDate "2019.01.22"]
[EventType "tourn"]
[EventCountry "ARM"]

{[%evp 20,131,27,0,9,-13,-13,-13,-13,-10,-10,-18,0,0,10,13,34,-28,0,0,0,0,0,0,0,-18,-18,-18,-17,-43,-43,-58,-27,-107,-108,-108,-108,-108,-105,-105,-105,-120,-129,-116,-95,-109,-89,-130,-136,-132,-60,-57,-57,-64,-42,-42,-43,-50,-23,-24,0,0,0,0,0,-34,-35,-41,-27,-33,-22,-22,-22,-22,-22,-22,-22,-27,-27,-51,-29,-29,-27,-29,-29,-29,-29,-29,-29,-83,-83,-83,-29,-34,-29,-58,-50,-236,-210,-189,-27,-27,-27,-27,-27,-27,-22,-22,-22,-22,-22,-22,-22,-22]} 1. d4 Nf6 2. Nf3 d5 3. c4 e6 4. Nc3 Bb4 5. Bg5 dxc4 6. e4 h6 7. Bxf6 Qxf6 8. Bxc4 c5 9. e5 {D39: Queen's Gambit Declined: Ragozin Defence with 5 Bg5 dxc4} (9. O-O O-O 10. e5 Qd8 11. Ne4 cxd4 12. Qe2 Be7 13. Rad1 Qc7 14. Ng3 Bd7 15. Rxd4 Bc6 16. Rg4 Bxf3 17. gxf3 Nc6 {½-½ (62) Nihal,S (2572)-So,W (2776) Douglas 2018}) 9... Qd8 10. O-O cxd4 11. Nb5 {LiveBook: 3 Games. White has an edge.} O-O $146 ({Predecessor:} 11... Nc6 12. Nbxd4 Nxd4 13. Nxd4 O-O 14. Rc1 Qb6 15. Qg4 Rd8 16. Ne2 Bd7 {0-1 (27) Lagno,K (2539)-Pelletier,Y (2592) Cap d'Agde 2010}) 12. a3 Be7 13. Nbxd4 Bd7 14. Qe2 Nc6 15. Rfd1 Nxd4 16. Nxd4 Qc7 17. Rac1 {aiming for Bxe6.} Rac8 18. Qe4 (18. Bxe6 $14 Qxc1 19. Bxd7) 18... Bc6 19. Nxc6 Qxc6 20. Bd3 {[%csl Gd3][%cal Re4h7]} Qxe4 21. Bxe4 b6 22. Kf1 Bg5 23. Rxc8 Rxc8 $11 {[%mdl 4096] Endgame KRB-KRB} 24. g3 Bc1 25. Rd7 a5 26. Rd3 (26. Bb7 $11 Rc5 27. Rd8+ Kh7 28. Rf8) 26... Bxb2 $17 27. Rb3 Bd4 28. f4 Rc1+ 29. Ke2 Bc5 30. Rd3 g6 {[%cal Bg7g6,Bg6g5][%mdl 32]} 31. a4 Kg7 32. h3 g5 33. f5 exf5 34. Bxf5 Bb4 (34... Rc4 $17 35. Rd7 Rxa4) 35. Kf3 $15 Re1 36. Re3 Rf1+ 37. Ke4 Bc5 38. Rf3 Re1+ (38... Rd1 $5 {[%cal Rd1d4]} 39. Rd3 Re1+ 40. Kd5 h5 $15) 39. Kd5 Bg1 40. Bd7 Rd1+ 41. Kc6 Rc1+ 42. Kb7 Re1 43. Rf5 $1 Bd4 44. g4 Bxe5 45. Kxb6 Bc3 46. Rf3 Bb4 47. Bc6 Rd1 48. Bb5 Rd4 49. Be8 f6 50. Bb5 Kf7 51. Rd3 Rxd3 52. Bc4+ Ke7 53. Bxd3 $11 {KB-KB} Kd6 54. Kb5 (54. Be2 $1 $11 {remains equal.}) 54... Ke5 $17 55. Kc4 {[#]} Be1 ({Black should try} 55... Kf4 $1 $17 56. Kd5 Kg3) 56. Bf1 Ke4 57. Bg2+ Kf4 58. Kd5 $2 (58. Kd3 $15) 58... f5 $19 59. gxf5 {[#]} Kxf5 $2 (59... Kg3 $1 $19 {[%cal Rg3g2]} 60. Bf1 Kf2) 60. Bf3 $1 $11 Kf4 61. Bg4 $1 Kg3 62. Ke4 Bd2 63. Kf5 {The position is equal.} Kh4 64. Kg6 {[#]} h5 $1 {[%mdl 512]} 65. Bxh5 Kxh3 {Hoping for ...g4.} 66. Kf5 {Precision: White = 49%, Black = 55%.} 1/2-1/2

[Event "ARM-ch Rapid 2019"]
[Site "Yerevan"]
[Date "2019.01.22"]
[Round "1.8"]
[White "Mikaelyan, Arman"]
[Black "Eranyan, Khachatur"]
[Result "1-0"]
[WhiteElo "2474"]
[BlackElo "2141"]
[Annotator "RC"]
[PlyCount "89"]
[EventDate "2019.01.22"]
[EventType "tourn"]
[EventCountry "ARM"]
[TimeControl "40/5400+30:1800+30"]
[WhiteClock "0:00:20"]
[BlackClock "0:04:05"]

1. d4 {[%emt 1:15:15]} d5 {[%emt 1:15:12]} 2. Nf3 {[%emt 0:00:24]} Nf6 {[%emt 0:00:22]} 3. Bf4 {[%emt 0:00:25]} c5 {[%emt 0:00:29]} 4. e3 {[%emt 0:00:23]} Nc6 {[%emt 0:00:32]} 5. Nbd2 {[%emt 0:00:23]} cxd4 {[%emt 0:00:30]} 6. exd4 {[%emt 0:00:23]} Bg4 {[%emt 0:00:26]} 7. c3 {[%emt 0:00:34]} e6 {[%emt 0:01:45]} 8. Qb3 {[%emt 0:00:22]} Bd6 {[%emt 0:00:41]} 9. Bg3 {[%emt 0:02:35]} Qe7 {[%emt 0:03:11]} 10. Bd3 {[%emt 0:00:31]} O-O {[%emt 0:00:58]} 11. O-O {[%emt 0:00:36]} Bxg3 {[%emt 0:00:32]} 12. hxg3 {[%emt 0:00:23]} Rab8 {[%emt 0:01:27]} 13. Rae1 {[%emt 0:00:27]} b5 {[%emt 0:00:32]} 14. a3 {[%emt 0:02:02]} Bh5 {[%emt 0:01:26]} 15. Ne5 {[%emt 0:01:39]} Nxe5 {[%emt 0:00:45]} 16. dxe5 {[%emt 0:01:07]} Nd7 {[%emt 0:00:22]} 17. Qb4 {[%emt 0:00:22]} Qg5 {[%emt 0:03:17]} 18. Qd4 {[%emt 0:00:23]} Bg6 {[%emt 0:00:26]} 19. Nf3 {[%emt 0:00:50]} Qh6 {[%emt 0:01:31]} 20. Bxg6 {[%emt 0:00:30]} Qxg6 {[%emt 0:00:34]} 21. Qxa7 {[%emt 0:00:39]} Nb6 {[%emt 0:03:22]} 22. Nd4 {[%emt 0:00:23]} Nc4 {[%emt 0:00:22]} 23. Nc6 {[%emt 0:00:33]} Rbe8 {[%emt 0:00:22]} 24. Ne7+ {[%emt 0:01:21]} Rxe7 {[%emt 0:00:21]} 25. Qxe7 {[%emt 0:00:23]} Nd2 {[%emt 0:00:22]} 26. Qb4 {[%emt 0:01:49]} Nxf1 {[%emt 0:01:19]} 27. Rxf1 {[%emt 0:00:22]} Qd3 {[%emt 0:00:24]} 28. Re1 {[%emt 0:02:02]} Qd2 {[%emt 0:00:38]} 29. Re3 {[%emt 0:00:45]} Qd1+ {[%emt 0:01:20]} 30. Kh2 {[%emt 0:00:21]} Rc8 {[%emt 0:00:51]} 31. Rf3 {[%emt 0:00:56]} Qe2 {[%emt 0:00:28]} 32. Qf4 {[%emt 0:00:56]} Rf8 {[%emt 0:00:23]} 33. b4 {[%emt 0:00:23]} h6 {[%emt 0:01:01]} 34. g4 {[%emt 0:00:41]} Qc4 {[%emt 0:00:37]} 35. Qg3 {[%emt 0:00:49]} Ra8 {[%emt 0:00:30]} 36. g5 {[%emt 0:00:26]} hxg5 {[%emt 0:00:23]} 37. Qxg5 {[%emt 0:00:24]} Qe4 {[%emt 0:00:34]} 38. Rh3 {[%emt 0:01:26]} Qg6 {[%emt 0:00:33]} 39. Qf4 {[%emt 0:00:55]} Rxa3 {[%emt 0:00:30]} 40. Qh4 {[%emt 0:00:25]} f6 {[%emt 0:00:24]} 41. exf6 {[%emt 0:30:26]} Kf7 {[%emt 0:30:37]} 42. Rg3 {[%emt 0:01:08]} gxf6 {[%emt 0:00:28]} 43. Rxg6 {[%emt 0:00:23]} Kxg6 {[%emt 0:00:21]} 44. Qg3+ {[%emt 0:00:25]} Kf5 {[%emt 0:00:32]} 45. Qd3+ {[%emt 0:00:30]} 1-0